00437nam a22001577a 450000500170000000800410001702000180005804100130007608200150008910000130010424500540011725000190017126000340019030000300022465000250025420231121065146.0231121b |||||||| |||| 00| 0 eng d a9780409116854 aEnglish  a343.4 PRA  lEnglish  aThe LexisNexis Practical Guide to Tax in Namibia  aSixth Edition  aDurban : bLexisNexis, c2008 bxv, 197 pages ; c22 cm.  aLegal practice bLaw